| 000 | 01164cab a2200289 4500 | ||
|---|---|---|---|
| 001 | WB3230-03 | ||
| 008 | 090401t1996 xxu||||| |||| 00| 0 eng d | ||
| 035 | _a(Sirsi) u64410 | ||
| 041 | _aeng | ||
| 245 | _aConstruction Bill enacted | ||
| 260 | _c1996 | ||
| 350 | _a0 | ||
| 490 |
_aDoE News Release _v(337) 25 July 1996, (6) |
||
| 520 | _aOutlines main features of Housing Grants, Construction and Regeneration Bill wich received Royal Assent on 24 July 1996, including types of grants available, contract adjudication, pay-when-paid clauses, the registration of architects, and regeneration projects. | ||
| 650 | _aMANAGEMENT-DISPUTE AVOIDANCE, MANAGEMENT AND RESOLUTION-DISPUTE MANAGEMENT AND RESOLUTION-ALTERNATIVE DISPUTE RESOLUTION-ADJUDICATION | ||
| 650 | _aARCHITECTS REGISTRATION | ||
| 650 |
_aContracts _96232 |
||
| 650 | _aDISABLED FACILITIES GRANTS | ||
| 650 | _aHOME REPAIR ASSISTANCE | ||
| 650 | _aHOUSING GRANTS CONSTRUCTION AND REGENERATION BILL | ||
| 650 | _aPAY-WHEN-PAID CLAUSES | ||
| 650 | _aSINGLE REGENERATION BUDGET | ||
| 650 | _aURBAN REGENERATION | ||
| 690 | _aBUILT ENVIRONMENT | ||
| 942 | _n0 | ||
| 948 | _c04/03/1997 | ||
| 999 |
_c40115 _d40115 |
||